000 00341nam a2200097Ia 4500
008 220120s9999||||xx |||||||||||||| ||und||
100 _aAkshay, Darshan M Prabhu, Manasa and Rakshitha
_912735
245 0 _aremote mpnitoring system based on a wifi controlled car usin
260 _aCoorg Institute of Technology
_bPonnampet
650 _aMECHANICAL
999 _c138335
_d138335